000 00394nam a22001217a 4500
082 _a200 THE
100 _aMuhammad Azeem
_928404
245 _aTH-SOF-1641-Graphene oxide based nanocomposite systems for Optical device applications
260 _aISLAMABAD
_bNUST COLLEGE OF EME
_c2019
650 _aMS-ELECT-2015 MSTHESIS
_969477
700 _aSupervisor Dr. Saif Ullah Awan
_969699
942 _cCF
999 _c576972
_d576972